| 000 | 00633nam a2200181 a 4500 | ||
|---|---|---|---|
| 008 | 100722s2010 ||||||||||||||||| || u | ||
| 020 | _a9780135097557 | ||
| 050 | _aHD 69.P75 Pin | ||
| 100 | _aPinto, Jeffrey K | ||
| 245 | 1 | 0 | _aProject management: achieving competitive advantage. -- 2nd ed. |
| 250 | _a2nd ed. | ||
| 260 |
_aBoston: _bPearson _c2010 |
||
| 300 | _a480p.: ill. | ||
| 350 | _a0.00 | ||
| 650 | 0 | _aMANAGEMENT | |
| 650 | 0 | _aPROJECT MANAGEMENT | |
| 995 |
_D0.00 _FCBU-MAIN LIBRARY (Kitwe) _H1 _I0.00 _M1 _UAVAILABLE _WAug 18, 2010 _ZMain Library Open Access Collection |
||
| 999 |
_c55042 _d55042 |
||